LIBRARY & INFORMATION CENTRE, KCAET, TAVANUR

ONLINE PUBLIC ACCESS CATALOGUE (OPAC)

Text book of engineering chemistry / (Record no. 13420)

MARC details
000 -LEADER
fixed length control field 00533cam a2200205ua 4500
041 ## - LANGUAGE CODE
Language code of text/sound track or separate title eng
082 ## - DEWEY DECIMAL CLASSIFICATION NUMBER
Classification number 540.0162
Item number MUR/TE
100 ## - MAIN ENTRY--AUTHOR NAME
Personal name Murthy, Parameswara C .
245 ## - TITLE STATEMENT
Title Text book of engineering chemistry /
260 ## - PUBLICATION, DISTRIBUTION, ETC. (IMPRINT)
Place of publication Hyderabad :
Name of publisher B S Publications ,
Year of publication 2006.
300 ## - PHYSICAL DESCRIPTION
Number of Pages ; .
700 1# - ADDED ENTRY--PERSONAL NAME
Personal name Agarwal , C A .
700 1# - ADDED ENTRY--PERSONAL NAME
Personal name Naidu, Andra .
942 ## - ADDED ENTRY ELEMENTS (KOHA)
Koha item type Books
Holdings
Withdrawn status Lost status Damaged status Home library Current library Date acquired Full call number Accession Number Koha item type
      KAUAET KAUAET 07/04/2012 540.0162 MUR/TE 22183 Books
      KAUAET KAUAET 07/04/2012 540.0162 MUR/TE 22184 Books
free website counter